An evaluation of the FINNIDA Education Sector Support Programme (ESSP): a case study of the Copperbelt and University of Zambia libraries (Record no. 62899)
[ view plain ]
| 000 -LEADER | |
|---|---|
| fixed length control field | 00920nam a2200169 a 4500 |
| 008 - FIXED-LENGTH DATA ELEMENTS--GENERAL INFORMATION | |
| fixed length control field | 091207s2000 xx |||||||||||||| || u |
| 050 ## - LIBRARY OF CONGRESS CALL NUMBER | |
| Classification number | UNZA-HSS(02) |
| 100 ## - MAIN ENTRY--PERSONAL NAME | |
| Personal name | Sheba, Mwala K |
| 245 13 - TITLE STATEMENT | |
| Title | An evaluation of the FINNIDA Education Sector Support Programme (ESSP): a case study of the Copperbelt and University of Zambia libraries |
| 260 ## - PUBLICATION, DISTRIBUTION, ETC. | |
| Date of publication, distribution, etc. | 2000 |
| 300 ## - PHYSICAL DESCRIPTION | |
| Extent | 55p. |
| 350 ## - | |
| -- | 0.00 |
| 500 ## - GENERAL NOTE | |
| General note | Project report submitted in partial fulfilment for the award of the Bachelor of Arts degree of the University of Zambia |
| 650 ## - SUBJECT ADDED ENTRY--TOPICAL TERM | |
| Topical term or geographic name entry element | ZAMBIA EDUCATION SECTOR SUPPORT PROGRAMME (ESSP) |
| 995 ## - | |
| -- | SPECIAL COLLECTIONS |
| -- | 0.00 |
| -- | 03004985 |
| -- | CBU-MAIN LIBRARY (Kitwe) |
| -- | 1 |
| -- | 0.00 |
| -- | UNZA-HSS(02)2000/1A |
| -- | 1 |
| -- | AVAILABLE |
| -- | Dec 7, 2009 |
| -- | Z03004985 |
| -- | Zambiana Collection |
| 995 ## - | |
| -- | SPECIAL COLLECTIONS |
| -- | 0.00 |
| -- | 03004986 |
| -- | CBU-MAIN LIBRARY (Kitwe) |
| -- | 1 |
| -- | 0.00 |
| -- | UNZA-HSS(02)2000/1B |
| -- | 2 |
| -- | AVAILABLE |
| -- | Dec 7, 2009 |
| -- | Z03004986 |
| -- | Zambiana Collection |
| 999 ## - | |
| -- | 62899 |
| -- | 62899 |
| Withdrawn status | Lost status | Source of classification or shelving scheme | Damaged status | Not for loan | Permanent Location | Current Location | Shelving location | Date acquired | Total Checkouts | Full call number | Barcode | Date last seen | Price effective from | Koha item type |
|---|---|---|---|---|---|---|---|---|---|---|---|---|---|---|
| CBU-MAIN LIBRARY, KITWE. | CBU-MAIN LIBRARY, KITWE. | 12/16/2022 | UNZA-HSS(02) | Z03004985 | 12/16/2022 | 12/16/2022 | MONOGRAPH | |||||||
| CBU-MAIN LIBRARY, KITWE. | CBU-MAIN LIBRARY, KITWE. | 12/16/2022 | UNZA-HSS(02) | Z03004986 | 12/16/2022 | 12/16/2022 | MONOGRAPH |